<?xml version="1.0" encoding="UTF-8"?>
<record
    xmlns:xsi="http://www.w3.org/2001/XMLSchema-instance"
    xsi:schemaLocation="http://www.loc.gov/MARC21/slim http://www.loc.gov/standards/marcxml/schema/MARC21slim.xsd"
    xmlns="http://www.loc.gov/MARC21/slim">

  <leader>01899nam a22002417a 4500</leader>
  <controlfield tag="008">160517s        mx ||||| |||| 00| 0 spa d</controlfield>
  <datafield tag="020" ind1=" " ind2=" ">
    <subfield code="a">9788490605639</subfield>
  </datafield>
  <datafield tag="050" ind1="1" ind2="4">
    <subfield code="a">HQ783</subfield>
    <subfield code="b">S75 2016</subfield>
  </datafield>
  <datafield tag="100" ind1=" " ind2=" ">
    <subfield code="a">Stiglitz, Joseph  E.</subfield>
    <subfield code="e">autor</subfield>
    <subfield code="9">34576</subfield>
  </datafield>
  <datafield tag="245" ind1="1" ind2="0">
    <subfield code="a">La creaci&#xF3;n de una sociedad del aprendizaje </subfield>
    <subfield code="b"> : una nueva aproximaci&#xF3;n al crecimiento, el desarrollo y el progreso social</subfield>
    <subfield code="c"> / Joseph E. Stiglitz, Bruce C. Greenwald ; Alma Alexandra Garc&#xED;a Mart&#xED;nez</subfield>
  </datafield>
  <datafield tag="260" ind1="3" ind2=" ">
    <subfield code="a">Madrid</subfield>
    <subfield code="b">: La esfera de los libros</subfield>
    <subfield code="c">, 2014.</subfield>
  </datafield>
  <datafield tag="300" ind1=" " ind2=" ">
    <subfield code="a">528 p&#xE1;ginas</subfield>
    <subfield code="c">; 23 cm.</subfield>
  </datafield>
  <datafield tag="336" ind1=" " ind2=" ">
    <subfield code="a">texto</subfield>
  </datafield>
  <datafield tag="337" ind1=" " ind2=" ">
    <subfield code="a">sin medio</subfield>
  </datafield>
  <datafield tag="338" ind1=" " ind2=" ">
    <subfield code="a">volumen</subfield>
  </datafield>
  <datafield tag="505" ind1=" " ind2=" ">
    <subfield code="a">Parte I
La creaci&#xF3;n de una sociedad del aprendizaje
La revoluci&#xF3;n del aprendizaje
Sobre la importancia del aprendizaje
Una econom&#xED;a del aprendizaje
Creando una empresa que aprende y un ambiente de aprendizaje
Estructura de mercado, bienestar y aprendizaje
La econom&#xED;a del bienestar de la competencia schupeteriana
El aprendizaje en una econom&#xED;a cerrada
El argumento a favor de la protecci&#xF3;n de las econom&#xED;as incipientes: las pol&#xED;ticas comerciales en un ambiente de aprendizaje

Parte II
Pol&#xED;ticas para una sociedad del aprendizaje
El papel de las pol&#xED;ticas industriales y comerciales en la creaci&#xF3;n de una sociedad del aprendizaje
Las pol&#xED;ticas financieras y la creaci&#xF3;n de una sociedad del aprendizaje
Pol&#xED;ticas macroecon&#xF3;micas y de inversi&#xF3;n para una sociedad del aprendizaje
Propiedad intelectual
La transformaci&#xF3;n social y la creaci&#xF3;n de una sociedad del aprendizaje</subfield>
  </datafield>
  <datafield tag="519" ind1=" " ind2=" ">
    <subfield code="a">Plan Flexible /</subfield>
    <subfield code="b">Maestr&#xED;a en Educaci&#xF3;n /</subfield>
    <subfield code="c">Temas selectos de sociolog&#xED;a de la educaci&#xF3;n (B03-3) /</subfield>
    <subfield code="d">(08 005864)</subfield>
  </datafield>
  <datafield tag="650" ind1="1" ind2="4">
    <subfield code="a">APRENDIZAJE SOCIAL</subfield>
    <subfield code="9">34577</subfield>
  </datafield>
  <datafield tag="650" ind1="2" ind2="0">
    <subfield code="a">SOCIEDAD DE LA INFORMACI&#xD3;N</subfield>
    <subfield code="x">ASPECTOS SOCIALES</subfield>
    <subfield code="9">26665</subfield>
  </datafield>
  <datafield tag="700" ind1="1" ind2=" ">
    <subfield code="a">Greenwald, Bruce C.</subfield>
    <subfield code="e">autor</subfield>
    <subfield code="9">34578</subfield>
  </datafield>
  <datafield tag="700" ind1="1" ind2=" ">
    <subfield code="a">Garc&#xED;a Mart&#xED;nez, Alma Alexandra</subfield>
    <subfield code="e">traductor</subfield>
    <subfield code="9">34579</subfield>
  </datafield>
  <datafield tag="942" ind1=" " ind2=" ">
    <subfield code="2">lcc</subfield>
    <subfield code="c">LB</subfield>
  </datafield>
  <datafield tag="952" ind1=" " ind2=" ">
    <subfield code="0">0</subfield>
    <subfield code="1">0</subfield>
    <subfield code="2">lcc</subfield>
    <subfield code="4">0</subfield>
    <subfield code="7">0</subfield>
    <subfield code="a">08</subfield>
    <subfield code="b">08</subfield>
    <subfield code="d">2016-05-17</subfield>
    <subfield code="l">4</subfield>
    <subfield code="m">1</subfield>
    <subfield code="o">HQ783 S75 2016</subfield>
    <subfield code="p">08 005864</subfield>
    <subfield code="r">2019-04-10</subfield>
    <subfield code="s">2019-04-10</subfield>
    <subfield code="t">1</subfield>
    <subfield code="w">2016-05-17</subfield>
    <subfield code="y">LB</subfield>
  </datafield>
  <datafield tag="999" ind1=" " ind2=" ">
    <subfield code="c">99698</subfield>
    <subfield code="d">99698</subfield>
  </datafield>
</record>
